Modern Concepts in control theory (Record no. 77565)

MARC details
000 -LEADER
fixed length control field 00702nam a2200169 a 4500
008 - FIXED-LENGTH DATA ELEMENTS--GENERAL INFORMATION
fixed length control field 120416s1969 ||||||||||||||||| || u
050 ## - LIBRARY OF CONGRESS CALL NUMBER
Classification number QA 402.3 Pri
100 ## - MAIN ENTRY--PERSONAL NAME
Personal name Prime, H.A
245 10 - TITLE STATEMENT
Title Modern Concepts in control theory
260 ## - PUBLICATION, DISTRIBUTION, ETC.
Place of publication, distribution, etc. London
Name of publisher, distributor, etc. McGraw-Hill
Date of publication, distribution, etc. 1969
300 ## - PHYSICAL DESCRIPTION
Extent ix, 202p. : ill
350 ## -
-- 0.00
650 ## - SUBJECT ADDED ENTRY--TOPICAL TERM
Topical term or geographic name entry element COMPUTERS
650 #0 - SUBJECT ADDED ENTRY--TOPICAL TERM
Topical term or geographic name entry element CONTROL THEORY
995 ## -
-- ANNEX COLLECTION (Main Library)
-- 0.00
-- 714732
-- CBU-MAIN LIBRARY (Kitwe)
-- 1
-- 8.95
-- QA 402.3 Pri
-- 1
-- AVAILABLE
-- 012646
-- Annex Low-Usage Collection
995 ## -
-- MAIN LIBRARY OPEN ACCESS
-- 0.00
-- 714733
-- CBU-MAIN LIBRARY (Kitwe)
-- 2
-- 8.95
-- QA 402.3 Pri
-- 2
-- WEEDED
-- Jul 24, 2017
-- 012647
-- Main Library Open Access Collection
999 ## -
-- 77565
-- 77565
Holdings
Withdrawn status Lost status Source of classification or shelving scheme Damaged status Not for loan Permanent Location Current Location Shelving location Date acquired Total Checkouts Full call number Barcode Date last seen Copy number Price effective from Koha item type
          CBU-MAIN LIBRARY, KITWE. CBU-MAIN LIBRARY, KITWE.   05/03/2023   QA 402.3 Pri 012646 05/03/2023 1 05/03/2023 MONOGRAPH
          CBU-MAIN LIBRARY, KITWE. CBU-MAIN LIBRARY, KITWE.   05/03/2023   QA 402.3 Pri 012647 05/03/2023 2 05/03/2023 MONOGRAPH